Recent developments in theoretical physics : (Record no. 754744)

MARC details
000 -LEADER
fixed length control field 00476nam a22001577a 4500
020 ## - INTERNATIONAL STANDARD BOOK NUMBER
ISBN 9789814287326
082 ## - DEWEY DECIMAL CLASSIFICATION NUMBER
Classification number 530.1
245 ## - TITLE STATEMENT
Title Recent developments in theoretical physics :
Sub Title statistical science and interdisciplinary research vol. 9
260 ## - PUBLICATION, DISTRIBUTION, ETC. (IMPRINT)
Place of publication Singapore:
Name of publisher World Scientific ,
Year of publication 2010.
300 ## - PHYSICAL DESCRIPTION
Number of Pages xiii,423p.
650 ## - SUBJECT ADDED ENTRY--TOPICAL TERM
Topical Term Theoretical physics
700 ## - ADDED ENTRY--PERSONAL NAME
Personal name Sankar K. Pal
700 ## - ADDED ENTRY--PERSONAL NAME
Personal name Ghosh, Subir
942 ## - ADDED ENTRY ELEMENTS (KOHA)
Source of classification or shelving scheme Dewey Decimal Classification
Koha item type Book
Holdings
Withdrawn status Lost status Source of classification or shelving scheme Damaged status Not for loan Collection code Home Library Current Location Shelving location Date acquired Source of acquisition Full call number Accession Number Price effective from Koha item type
    Dewey Decimal Classification     Non-fiction Dept. of Physics Dept. of Physics General Stacks 03/01/2026 SBS-T/25 dt 16-01-2026 530.1 SAN-R PHY9033 03/01/2026 Book